La voz iluminada : Notas sobre el teatro a través de un cuarto de siglo / Guillermo Díaz-Plaja Notas sobre el teatro a través de un cuarto de siglo / Guillermo Díaz-Plaja
Descripción Física:
284 p. ; 17'5 cm
Materias:
Teatre- estudis
MARC
| LEADER | 00000nam a2200000Ia 4500 | ||
|---|---|---|---|
| 001 | 7965 | ||
| 008 | 160829s1952 xx 000 0 cat d | ||
| 080 | |a B-1-319 | ||
| 100 | 1 | |a Díaz-Plaja, Guillermo, |d 1909-1984 |9 20224 | |
| 245 | |a La voz iluminada : |b Notas sobre el teatro a través de un cuarto de siglo / Guillermo Díaz-Plaja | ||
| 260 | |a Barcelona : |b Instituto del Teatro, |c 1952 | ||
| 300 | |a 284 p. ; |c 17'5 cm | ||
| 650 | |a Teatre- estudis |9 37243 | ||
| 710 | 2 | |9 54846 |a Instituto del Teatro (Barcelona, Catalunya) | |
| 901 | |a Arxiu | ||
| 942 | |n 1 |2 udc | ||
| 952 | |0 0 |1 0 |4 0 |6 B1319 |7 1 |9 47761 |a Arxiu |b Arxiu |d 2016-12-01 |l 0 |o B-1-319 |p 7965 |r 2016-12-01 00:00:00 |w 2016-12-01 |y ARXIU | ||
| 999 | |c 51560 |d 51560 | ||